| 000 | 00837cab a2200241 4500 | ||
|---|---|---|---|
| 001 | ABS45765 | ||
| 008 | 090401t1991 xxu||||| |||| 00| 0 eng d | ||
| 035 | _a(Sirsi) u54951 | ||
| 041 | _aeng | ||
| 245 | 4 | _aThe image is already there | |
| 260 | _c1991 | ||
| 350 | _a0 | ||
| 490 |
_aImmobilien Manager _v(3) December 1991, 40-51(6) |
||
| 520 | _aReports on the efforts of Dresden to regain its former economic and cultural status by encouraging development. Also reviews the city`s approach to planning for growth while incorporating buildings of historic importance. Lists new development areas in Dresden. | ||
| 650 | _aACCELERATION ACT | ||
| 650 | _aBUILT ENVIRONMENT | ||
| 650 | _aEASTERN EUROPE | ||
| 650 | _aGERMANY | ||
| 650 | _aREGIONAL PLANNING | ||
| 690 | _aOVERSEAS-EUROPE | ||
| 942 | _n0 | ||
| 948 | _c04/03/1997 | ||
| 999 |
_c33643 _d33643 |
||